=LDR 00000nam 2200000 4500 =001 NUTBA000000000004611 =005 20200810072301 =035 ##$$a 0010-091400000000644 =008 200810################g##########0#ind## =020 ##$$a 079-3974-49-4 =082 ##$$a 2X6.1 =100 ##$$a Shabri, kamil =245 1#$$a Ketika air mata tersenyum /$c Kamil shabri; Penerjemah, Misbah; Editor, Fajar inayati =260 ##$$a Jakarta :$b Najla press,$c 2007 =850 ##$$aNBPNMAT =084 ##$$a 2X6.1 SHA k =250 ##$$a Cet. 1 =300 ##$$a 175 hlm ; $c 12,5 x 18,5 cm =650 #4$$a Problematika rumah tangga =504 ##$$a Judul asli : Indama tabtasim ad-damu =990 ##$$a 20704851/Pb- 074